Encuentro de saberes: proyecto para decolonizar el conocimiento universitario eurocéntrico /

保存先:
書誌詳細
第一著者: Carvalho, José Jorge de
その他の著者: Flórez Flórez, Juliana
フォーマット: テキスト
タグ: タグ追加
タグなし, このレコードへの初めてのタグを付けませんか!

MARC

LEADER 00000 a a2200000 04500
001 47713
003
040
100 |a Carvalho, José Jorge de  
245 |a Encuentro de saberes:   |b proyecto para decolonizar el conocimiento universitario eurocéntrico /  |c José Jorge de Carvalho, Juliana Flórez Flórez  
700 |a Flórez Flórez, Juliana  
773 |g número41, (2014), páginas 131-147  
999 |c 24106  |d 24106